|
|
|
|
| LEADER |
00000caa a2200000 c 4500 |
| 001 |
1525805487 |
| 003 |
DE-627 |
| 005 |
20240621173306.0 |
| 007 |
tu |
| 008 |
160223s2003 xx ||||| 00| ||ger c |
| 020 |
|
|
|a 9783779917403
|
| 035 |
|
|
|a (DE-627)1525805487
|
| 035 |
|
|
|a (DE-576)455805482
|
| 035 |
|
|
|a (DE-599)BSZ455805482
|
| 040 |
|
|
|a DE-627
|b ger
|c DE-627
|e rakwb
|
| 041 |
|
|
|a ger
|
| 245 |
0 |
0 |
|a Delinquente Kinder und straffällige Jugendliche
|b Präventionsstrategien zwischen sicherheitspolitischen Anforderungen und pädagogischem Anspruch
|c Gabriele Gabriel, Bernd Holthusen, Christian Lüders, Heiner Schäfer
|
| 264 |
|
1 |
|c 2003
|
| 336 |
|
|
|a Text
|b txt
|2 rdacontent
|
| 337 |
|
|
|a ohne Hilfsmittel zu benutzen
|b n
|2 rdamedia
|
| 338 |
|
|
|a Band
|b nc
|2 rdacarrier
|
| 500 |
|
|
|a Literaturangaben
|
| 700 |
1 |
|
|a Gabriel, Gabriele
|4 oth
|
| 700 |
1 |
|
|a Holthusen, Bernd
|0 (DE-588)1043950214
|0 (DE-627)771098197
|0 (DE-576)395943868
|4 oth
|
| 700 |
1 |
|
|a Lüders, Christian
|d 1953-
|0 (DE-588)1033293229
|0 (DE-627)740835750
|0 (DE-576)380879069
|4 oth
|
| 700 |
1 |
|
|a Schäfer, Heiner
|0 (DE-588)1069678384
|0 (DE-627)822228823
|0 (DE-576)429391544
|4 oth
|
| 773 |
0 |
8 |
|i In
|t Kriminalität und Gewalt im Jugendalter
|d Weinheim : Juventa-Verl., 2003
|g (2003), Seite 317-331
|h 336 S.
|w (DE-627)358523710
|w (DE-576)102727937
|z 9783779917403
|z 3779917408
|7 nnam
|
| 773 |
1 |
8 |
|g year:2003
|g pages:317-331
|
| 889 |
|
|
|w (DE-627)617864217
|
| 935 |
|
|
|a mkri
|
| 935 |
|
|
|i mdedup
|
| 951 |
|
|
|a AR
|
| ELC |
|
|
|b 1
|
| LOK |
|
|
|0 000 xxxxxcx a22 zn 4500
|
| LOK |
|
|
|0 001 2899258109
|
| LOK |
|
|
|0 003 DE-627
|
| LOK |
|
|
|0 004 1525805487
|
| LOK |
|
|
|0 005 20260119082148
|
| LOK |
|
|
|0 008 160208||||||||||||||||ger|||||||
|
| LOK |
|
|
|0 040
|a DE-21-110
|c DE-627
|d DE-21-110
|
| LOK |
|
|
|0 689
|a s
|a Kinderdelinquenz
|
| LOK |
|
|
|0 689
|a s
|a Jugendkriminalität
|
| LOK |
|
|
|0 689
|a s
|a Prävention
|
| LOK |
|
|
|0 689
|a s
|a Pädagogik
|
| LOK |
|
|
|0 689
|a s
|a Jugendpolitik
|
| LOK |
|
|
|0 852
|a DE-21-110
|
| LOK |
|
|
|0 852 1
|m p
|9 00
|
| LOK |
|
|
|0 935
|a k110
|
| LOK |
|
|
|0 938
|k p
|
| LOK |
|
|
|0 939
|a 08-02-16
|b l01
|
| ORI |
|
|
|a SA-MARC-krimdoka001.raw
|